NHL Debut Teams - Statistics

General Stats
  • This quiz has been taken 865 times
  • The average score is 19 of 37
Answer Stats
Hint Answer % Correct
Wayne Gretzky Edmonton Oilers
92%
Pavel Datsyuk Detroit Red Wings
88%
Jaromír Jágr Pittsburgh Penguins
85%
Patrick Roy Montreal Canadiens
82%
Eric Lindros Philadelphia Flyers
78%
Teemu Selänne Winnipeg Jets
78%
Maurice Richard Montreal Canadiens
77%
Joe Thornton Boston Bruins
75%
Mike Modano Minnesota North Stars
72%
Peter Forsberg Quebec Nordiques
70%
Grant Fuhr Edmonton Oilers
68%
Bobby Hull Chicago Black Hawks
65%
Ron Francis Hartford Whalers
64%
Jacques Plante Montreal Canadiens
64%
Roberto Luongo New York Islanders
56%
Mats Sundin Quebec Nordiques
55%
Al MacInnis Calgary Flames
52%
Phil Esposito Chicago Black Hawks
52%
Brett Hull Calgary Flames
50%
Dominik Hašek Chicago Blackhawks
49%
Martin St. Louis Calgary Flames
47%
Joe Nieuwendyk Calgary Flames
43%
Mike Gartner Washington Capitals
42%
Alexei Kovalev New York Rangers
40%
Brendan Shanahan New Jersey Devils
36%
Dino Ciccarelli Minnesota North Stars
34%
Johnny Bucyk Detroit Red Wings
31%
Scott Stevens Washington Capitals
29%
Phil Housley Buffalo Sabres
28%
Doug Gilmour St. Louis Blues
26%
Cam Neely Vancouver Canucks
26%
Adam Oates Detroit Red Wings
24%
Rod Brind'Amour St. Louis Blues
21%
Igor Larionov Vancouver Canucks
20%
Jean-Sébastien Giguère Hartford Whalers
16%
Billy Smith Los Angeles Kings
16%
Larry Murphy Los Angeles Kings
12%
No matching quizzes found
Score Distribution
Percent of People with Each Score
Percentile by Number Answered
Your Score History
You have not taken this quiz